Pokemon that contain the letter Z - Statistics

General Stats
  • This quiz has been taken 291 times
    286 since last reset
  • The average score is 39 of 50
Answer Stats
Generation Type Pokemon % Correct
I Electric/Flying Zapdos
94%
I Electric Electabuzz
90%
I Psychic Alakazam
89%
II Water/Fairy Azumarill
88%
III Normal/Fairy Azurill
88%
III Fire/Fighting Blaziken
88%
V Dark/Flying Mandibuzz
87%
V Dragon/Electric Zekrom
87%
I Poison/Flying Zubat
87%
VI Dragon/Ground Zygarde
86%
VII Bug/Fighting Buzzwole
85%
V Dark/Dragon Zweilous
85%
IV Steel/Psychic Bronzong
83%
IV Steel/Psychic Bronzor
83%
I Fire/Flying Charizard
83%
V Electric Zebstrika
83%
V Dark Zoroark
83%
V Dark Zorua
83%
I Psychic Drowzee
82%
V Electric Blitzle
81%
VII Dark/Dragon Guzzlord
81%
II Bug/Steel Scizor
81%
III Normal Zigzagoon
81%
IV Psychic Azelf
80%
III Grass/Dark Nuzleaf
80%
III Dragon/Flying Rayquaza
80%
VII Poison/Fire Salazzle
80%
V Normal/Flying Unfezant
80%
I Poison Weezing
80%
VIII Fairy Zacian
80%
VIII Fighting Zamazenta
80%
IV Electric/Steel Magnezone
79%
IV Water Buizel
78%
VIII Fire/Bug Sizzlipede
78%
VIII Dark/Grass Zarude
78%
VIII Electric/Ice Arctozolt
76%
VIII Electric/Dragon Dracozolt
76%
III Normal Zangoose
76%
IV Water Floatzel
75%
VII Electric Zeraora
73%
IX Dragon/Normal Cyclizar
72%
V Grass/Fighting Virizion
70%
VIII Water Drizzile
69%
IX Water Dondozo
68%
IX Water/Psychic Veluza
68%
VI Water Clawitzer
67%
VI Fairy Spritzee
66%
IX Water Finizen
65%
VII Psychic Necrozma
56%
IV Normal Porygon-Z
48%
No matching quizzes found
Score Distribution
Percent of People with Each Score
Percentile by Number Answered
Your Score History
You have not taken this quiz since the last reset